000 00534nam a22001937a 4500
005 20241216121739.0
010 _aENG-141061 ENG-143114
020 _c150.00
035 _aEN-124593
035 _aEN-126646
037 _bDBAD
082 _aS
100 _aKameshwari.D
_975197
245 _aPhoto Frame:
_bShort Stories/
_cBy D.Kameshwari
260 _aHydrabad
_bJ.V.Publications
_c2016
270 _bHydrabad
_aflat No.407, Tirumala Apartments, Himayatnagar
_e500029
300 _a256p.
_c22cm(pbk)
942 _2ddc
_cEN
_hS
_mKAM
999 _c204580
_d204580